000 00747nam a2200229Ia 4500
003 GCL
008 140319s9999 xx 000 0 ara d
040 _aGCL /
_cGCL
082 0 4 _aق
_b962.39
_bهـ م
100 1 _aالهيئة المصرية العامة للكتاب
245 1 0 _aموسوعة سيناء /
_cالهيئة المصرية العامة للكتاب
260 _a[S.N] :
_bالهيئة المصرية العامة للكتاب ،
_c1982
300 _a416 ص
490 _a
650 0 4 _aمصر
650 0 4 _aالاحوال الاجتماعية
650 0 4 _aالاحوال الاقتصادية
650 0 4 _aالجغرافيا
650 0 4 _aسيناء - الجغرافيا
650 0 4 _aسيناء
942 _2ddc
_cBK
999 _c57779
_d57779